Multinational business finance / (Record no. 102611)

MARC details
000 -LEADER
fixed length control field 01021nam a22002417a 4500
005 - DATE AND TIME OF LATEST TRANSACTION
control field 20170511111302.0
010 ## - LCCN (DPL NO)
LC control number 1617EN
020 ## - INTERNATIONAL STANDARD BOOK NUMBER
International Standard Book Number 9789332518193
Terms of availability 849.00
035 ## - SYSTEM CONTROL NUMBER
System control number B-654020-031
035 ## - SYSTEM CONTROL NUMBER
System control number B-665160
037 ## - SOURCE OF ACQUISITION
Stock number dpl
Source of stock number/acquisition ABC
082 ## - DEWEY DECIMAL CLASSIFICATION NUMBER
Classification number 658.1599
100 ## - MAIN ENTRY--PERSONAL NAME
Personal name Eiteman, David K
245 ## - TITLE STATEMENT
Title Multinational business finance /
Statement of responsibility, etc by David K. Eiteman, Arthur I Stonehill [and] Michael H.Moffett
260 ## - PUBLICATION, DISTRIBUTION, ETC. (IMPRINT)
Place of publication, distribution, etc New Delhi
Name of publisher, distributor, etc Pearson
Date of publication, distribution, etc 2015
270 ## - ADDRESS
Address 11 Community Centre, Panchsheel Park
City New Delhi
Postal code 110017, India
300 ## - PHYSICAL DESCRIPTION
Extent 640p.:
Dimensions 28cm(pbk)
700 ## - ADDED ENTRY--PERSONAL NAME
Dates associated with a name Stonehill,Arthur I
700 ## - ADDED ENTRY--PERSONAL NAME
Dates associated with a name Moffett,Michael H.
942 ## - ADDED ENTRY ELEMENTS (KOHA)
Source of classification or shelving scheme Dewey Decimal Classification
Item type English Books
Classification part 658.1599
Call number suffix EIT
Holdings
Withdrawn status Lost status Not for loan Collection code Home library Current library Date acquired Source of acquisition Cost, normal purchase price Full call number Barcode Copy number Cost, replacement price Koha item type
      Non-fiction Ashok Vihar Ashok Vihar 11/05/2017 BPPD/EN/2016-17/AV/16-17/452/15.2.2017/5058/28.2.2017/ 7.3.2017 849.00 658.1599 EIT B-665160 1 849.00 English Books
      Non-fiction Bawana Bawana 15/02/2017 BPPD/EN/2016-17/286/24.11.2016/4996/3.12.2016/4.1.2017 849.00 658.1599 EIT B-654030 1 849.00 English Books
      Non-fiction Central Jail Tihar Central Jail Tihar 15/02/2017 BPPD/EN/2016-17/286/24.11.2016/4996/3.12.2016/4.1.2017 849.00 658.1599 EIT B-654025 1 849.00 English Books
      Non-fiction Central Library Central Library 15/02/2017 BPPD/EN/2016-17/286/24.11.2016/4996/3.12.2016/4.1.2017 849.00 658.1599 EIT B-654020 1 849.00 English Books
      Non-fiction Diz Area Diz Area 15/02/2017 BPPD/EN/2016-17/286/24.11.2016/4996/3.12.2016/4.1.2017 849.00 658.1599 EIT B-654026 1 849.00 English Books
      Non-fiction Janak Puri Janak Puri 15/02/2017 BPPD/EN/2016-17/286/24.11.2016/4996/3.12.2016/4.1.2017 849.00 658.1599 EIT B-654027 1 849.00 English Books
      Non-fiction Kasturba Gandhi Marg Kasturba Gandhi Marg 15/02/2017 BPPD/EN/2016-17/286/24.11.2016/4996/3.12.2016/4.1.2017 849.00 658.1599 EIT B-654022 1 849.00 English Books
      Non-fiction Narela Narela 15/02/2017 BPPD/EN/2016-17/286/24.11.2016/4996/3.12.2016/4.1.2017 849.00 658.1599 EIT B-654029 1 849.00 English Books
      Non-fiction Patel Nagar Patel Nagar 15/02/2017 BPPD/EN/2016-17/286/24.11.2016/4996/3.12.2016/4.1.2017 849.00 658.1599 EIT B-654021 1 849.00 English Books
      Non-fiction Peshwa Road Peshwa Road 15/02/2017 BPPD/EN/2016-17/286/24.11.2016/4996/3.12.2016/4.1.2017 849.00 658.1599 EIT B-654023 1 849.00 English Books
      Non-fiction Sarojini Nagar Sarojini Nagar 15/02/2017 BPPD/EN/2016-17/286/24.11.2016/4996/3.12.2016/4.1.2017 849.00 658.1599 EIT B-654028 1 849.00 English Books
      Non-fiction Shahdara Branch Shahdara Branch 15/02/2017 BPPD/EN/2016-17/286/24.11.2016/4996/3.12.2016/4.1.2017 849.00 658.1599 EIT B-654031 1 849.00 English Books
      Non-fiction Tri Nagar Tri Nagar 15/02/2017 BPPD/EN/2016-17/286/24.11.2016/4996/3.12.2016/4.1.2017 849.00 658.1599 EIT B-654024 1 849.00 English Books

© Delhi Public Library
Hit Counter
free hit counter